000 00525cam a2200169 a 4500
001 000004269
005 20200929151423.0
008 710622s1967 enka b 001 0 eng
040 _aDO-SdBNP
_bspa
_cBNPHU
082 _axx
_bG555j
100 1 _aGleeson, G. R.
_q(Geoffrey Robert),
_d1927-
_912625
245 1 0 _aJudo for the West /
_cG. R. Gleeson.
260 _aLondon :
_bKaye & Ward Limited,
_c1967.
300 _a207 p. :
_bil. ;
_c23 cm.
504 _aIncluye referencias bibliográficas.
650 4 _aJudo.
_xEnseñanza
_912626
999 _c4083
_d4083